| 000 | 01777cam a2200289 i 4500 | ||
|---|---|---|---|
| 003 | OSt | ||
| 005 | 20210419155708.0 | ||
| 008 | 150404s2013 ck ao gr 000 0cspa d | ||
| 020 | _a9789588745633 | ||
| 040 |
_aCO-BoBLA _cCO-JMCR |
||
| 041 | 0 | _aspa | |
| 043 | _as-ck--- | ||
| 082 | 0 | 4 |
_a796.334 / _bR934h _223 |
| 100 | 1 |
_aRuíz Bonilla, Guillermo, _eautor _910417 |
|
| 245 | 1 | 3 |
_aLa historia del gol en Colombia / _cGuillermo Ruiz Bonilla ; prólogo César Augusto Londoño ; colaboradores Juan Guillermo Ruiz Matallana [y otros tres] |
| 250 | _aPrimera edición. | ||
| 260 |
_aBogotá : _bUniversidad Sergio Arboleda, Fondo de Publicaciones, _c2013. |
||
| 300 |
_a407 páginas : _bilustraciones, fotografías a color ; _c32 cm. |
||
| 504 | 0 | _aIncluye referencias bibliográficas (página 407). | |
| 505 | _aUna historia de goles y goleadores. -- El primer gol de cada equipo. -- Botín de oro. -- Goleadores por equipos. -- Goleadores por nacionalidades. -- Los goleadores de los clásicos. -- El clan de los 100. -- Los goles olímpicos. -- Grandes goleadas. -- Anecdotario del gol. -- Colombia: goles y goleadores. -- Parejas goleadoras. -- Goleadores en un mismo partido. -- Familias goleadoras. -- Los goles mas rápidos. -- Los arqueros y el gol. -- Arqueros antigol. -- Arqueros antipenal. -- Remontadas históricas. -- Récords. -- Invictos. -- Partidos con más goles. -- Máximas goleadas a favor y en contra. -- Goles y goleadores en Copa América. | ||
| 650 | 1 | 4 |
_aFútbol colombiano _xHistoria _936983 |
| 650 | 2 | 4 |
_aFutbolistas colombianos _xHistoria _936984 |
| 650 | 2 | 4 |
_aFutbolistas colombianos _vBiografías _936985 |
| 700 | 1 |
_aLondoño, César Augusto, _eprologuista _910413 |
|
| 942 |
_2ddc _cBK |
||
| 999 |
_c11515 _d11515 |
||